000 00381nam a22001217a 4500
082 _a923.5
_bCHA
100 _aChaudhry, Zafar Aziz
245 _aMoments in silence :
_ba miscellany of selected essays and some other writings /
_cZafar Aziz Chaudhry
260 _aLahore :
_bSh. Ghulam Ali & Sons (pvt) Ltd,
_c2018.
300 _a312 p.
563 _aHB.
942 _2ddc
_cBK
999 _c613696
_d613696